000 01430nam a2200253Ia 4500
999 _c37519
_d37519
001 3483
003 GE_BSU
005 20190620182821.0
008 181216s2009||||ge |||||||||||||| ||geo||
020 _a978-9941014673
040 _cGE_BSU
041 _ageo
080 _a371.134 თ-49
100 _aთერნბული, ჯეკი
_92684
245 _aპროფესიონალი მასწავლებლის 9 მახასიათებელი :
_bპრაქტიკული გზამკვლევი პროფესიული წარმატებისათვის /
_cჯეკი თერნბული ; მთარგმნ. თეო ნეფარიძე ; რედ. ნათია ნაცვლიშვილი.
250 _aპირველი ქართ. გამოცემა
264 _aთბილისი :
_bმასწავლებელთა პროფ. განვითარების ცენტრი,
_c2009.
300 _a165გვ. ;
_b24სმ.
504 _aბიბლიოგრ.: გვ. 163-165.
653 _a მასწავლებლის პროფესიონალიზმი
700 _aნეფარიძე, თეო
_eმთარგმნელი
_92571
700 _aნაცვლიშვილი, ნათია
_eრედაქტორი
_9890
942 _cBK
_2udc